LIBRARY ONLINE CATALOGUE

Multillevel analysis : (Record no. 20085)

MARC details
000 -LEADER
fixed length control field 00491nam a22001577a 4500
008 - FIXED-LENGTH DATA ELEMENTS--GENERAL INFORMATION
fixed length control field 230317b |||||||| |||| 00| 0 eng d
020 ## - INTERNATIONAL STANDARD BOOK NUMBER
International Standard Book Number 978-1949202008
050 ## - LIBRARY OF CONGRESS CALL NUMBER
Classification number QA279
Item number .S55 2012
100 ## - MAIN ENTRY--PERSONAL NAME
Personal name Snijder, Tom A B
245 ## - TITLE STATEMENT
Title Multillevel analysis :
Remainder of title Introduction to basic and advanced multilevel modeling/
Statement of responsibility, etc. Tom A B Snijders & Roel J Bosker
250 ## - EDITION STATEMENT
Edition statement 2nd ed.
260 ## - PUBLICATION, DISTRIBUTION, ETC. (IMPRINT)
Place of publication, distribution, etc. London
Name of publisher, distributor, etc. Sage
Date of publication, distribution, etc. 2012
300 ## - PHYSICAL DESCRIPTION
Extent xi, 354p.
Other physical details Includes index
700 ## - ADDED ENTRY--PERSONAL NAME
Personal name Bosker, Roel J
942 ## - ADDED ENTRY ELEMENTS (KOHA)
Source of classification or shelving scheme Library of Congress Classification
Koha item type General Collection
Holdings
Withdrawn status Lost status Source of classification or shelving scheme Not for loan Home library Current library Date acquired Cost, normal purchase price Inventory number Total Checkouts Full call number Barcode Date last seen Copy number Price effective from Koha item type
    Library of Congress Classification   Kabarak, Main Campus Kabarak, Main Campus 17/03/2023 4919.00 0498/2022   QA279 .S55 2012 C.1 031930 17/03/2023 C.1 17/03/2023 General Collection